000
00313nam a22001337a 4500
008
170712b xxu||||| |||| 00| 0 eng d
020
_a
0721631487
041
_a
eng
080
_2
25TH
_a
038
100
_a
23
101
_a
FJA
245
_a
DORLAND'S ILLUSTRATED MEDICAL DICTIONARY
_c
FRIEL, J.P
942
_2
udc
_c
BK
999
_c
20314
_d
20314